<?xml version="1.0" encoding="UTF-8"?>
<record
    xmlns:xsi="http://www.w3.org/2001/XMLSchema-instance"
    xsi:schemaLocation="http://www.loc.gov/MARC21/slim http://www.loc.gov/standards/marcxml/schema/MARC21slim.xsd"
    xmlns="http://www.loc.gov/MARC21/slim">

  <leader>03889cam a2200349   4500500</leader>
  <controlfield tag="005">20260322004656.0</controlfield>
  <datafield tag="041" ind1=" " ind2=" ">
    <subfield code="a">fre</subfield>
  </datafield>
  <datafield tag="042" ind1=" " ind2=" ">
    <subfield code="a">dc</subfield>
  </datafield>
  <datafield tag="100" ind1="1" ind2="0">
    <subfield code="a">Nedel, Patricia</subfield>
    <subfield code="e">author</subfield>
  </datafield>
  <datafield tag="245" ind1="0" ind2="0">
    <subfield code="a">Les liens entre le comportement citoyen interorganisationnel (CCI) et la performance adaptative territoriale (PAT)&#xA0;: &#xE9;tude de cas en France et en Suisse Romande</subfield>
  </datafield>
  <datafield tag="260" ind1=" " ind2=" ">
    <subfield code="c">2026.
							</subfield>
  </datafield>
  <datafield tag="500" ind1=" " ind2=" ">
    <subfield code="a">32</subfield>
  </datafield>
  <datafield tag="520" ind1=" " ind2=" ">
    <subfield code="a">Notre contribution concerne les liens entre le comportement citoyen interorganisationnel (CCI) et la performance adaptative territoriale (PAT) au sein des associations en France et en Suisse Romande. Cette recherche a ainsi permis d&#x2019;approfondir l&#x2019;&#xE9;tat de la recherche en sciences de gestion sur l&#x2019;impact d&#x2019;une &#xE9;motion positive, et notamment du CCI qui est adapt&#xE9;e aux sp&#xE9;cificit&#xE9;s de l&#x2019;&#xE9;conomie sociale et solidaire (ESS), en int&#xE9;grant la dimension territoriale. De plus, notre &#xE9;tude de cas permet d&#x2019;&#xE9;tablir la nature des relations entre le CCI et la PAT en vue de sp&#xE9;cifier les capacit&#xE9;s de changement dans le cadre de la Responsabilit&#xE9; Sociale Territoriale (RST), elle-m&#xEA;me issue de la Responsabilit&#xE9; Sociale des Organisations (RSO). Le concept de Gouvernance &#xE9;motionnelle territoriale (GET) &#xE9;merge des travaux.</subfield>
  </datafield>
  <datafield tag="520" ind1=" " ind2=" ">
    <subfield code="a">Our contribution concerns the links between inter-organizational citizenship behavior (ICB) and territorial adaptive performance (TAP) within associations in France and French-speaking Switzerland. This research has thus made it possible to deepen the state of research in management sciences on the impact of positive collective emotion, and of ICB, which has been adapted to the specificities of the social economy (SSE), by integrating the notion of territory. In addition, our case study enables us to establish the nature of these relationships between the ICB and the TAP to specify its capacity for change within the framework of Territorial Social Responsibility (TSR), an offshoot of Organizational Social Responsibility (OSR). The concept of Territorial Emotional Governance (TEG) emerges from our work.</subfield>
  </datafield>
  <datafield tag="520" ind1=" " ind2=" ">
    <subfield code="a">Nuestra contribuci&#xF3;n se refiere a los v&#xED;nculos entre el comportamiento c&#xED;vico interorganizativo (CCI) y el rendimiento territorial adaptativo (RTA) en las asociaciones de Francia y la Suiza franc&#xF3;fona. Esta investigaci&#xF3;n ha permitido profundizar en el estado de la investigaci&#xF3;n en ciencias de la gesti&#xF3;n sobre el impacto de una emoci&#xF3;n positiva, y en particular del CCI adaptado a las especificidades de la econom&#xED;a social y solidaria (ESS), integrando la dimensi&#xF3;n territorial. Adem&#xE1;s, nuestro estudio de caso permite establecer la naturaleza de las relaciones entre la CTI y el PAT con vistas a especificar las capacidades de cambio en el marco de la Responsabilidad Social Territorial (RST), a su vez derivada de la Responsabilidad Social de las Organizaciones (RSO). De este trabajo se desprende el concepto de Gobernanza Emocional Territorial (GET).</subfield>
  </datafield>
  <datafield tag="690" ind1=" " ind2=" ">
    <subfield code="a">B&#xE9;n&#xE9;volat</subfield>
  </datafield>
  <datafield tag="690" ind1=" " ind2=" ">
    <subfield code="a">Comportement Citoyen Interorganisationnel (CCI)</subfield>
  </datafield>
  <datafield tag="690" ind1=" " ind2=" ">
    <subfield code="a">Emotions</subfield>
  </datafield>
  <datafield tag="690" ind1=" " ind2=" ">
    <subfield code="a">Gouvernance &#xE9;motionnelle territoriale (GET)</subfield>
  </datafield>
  <datafield tag="690" ind1=" " ind2=" ">
    <subfield code="a">Performance Adaptative Territoriale (PAT)</subfield>
  </datafield>
  <datafield tag="690" ind1=" " ind2=" ">
    <subfield code="a">Responsabilit&#xE9; Sociale des Organisations (RSO)</subfield>
  </datafield>
  <datafield tag="690" ind1=" " ind2=" ">
    <subfield code="a">Responsabilit&#xE9; Sociale Territoriale (RST)</subfield>
  </datafield>
  <datafield tag="690" ind1=" " ind2=" ">
    <subfield code="a">Emotions</subfield>
  </datafield>
  <datafield tag="690" ind1=" " ind2=" ">
    <subfield code="a">Interorganizational Citizen Behaviour (ICB)</subfield>
  </datafield>
  <datafield tag="690" ind1=" " ind2=" ">
    <subfield code="a">Organizational Social Responsibility (OSR)</subfield>
  </datafield>
  <datafield tag="690" ind1=" " ind2=" ">
    <subfield code="a">Territorial Adaptive Performance (TAP)</subfield>
  </datafield>
  <datafield tag="690" ind1=" " ind2=" ">
    <subfield code="a">Territorial Emotional Governance (TEG)</subfield>
  </datafield>
  <datafield tag="690" ind1=" " ind2=" ">
    <subfield code="a">Territorial Social Responsibility (TSR)</subfield>
  </datafield>
  <datafield tag="690" ind1=" " ind2=" ">
    <subfield code="a">Volunteering</subfield>
  </datafield>
  <datafield tag="786" ind1="0" ind2=" ">
    <subfield code="n">Vie &amp;amp; sciences de l'entreprise | 226-227 | 3-4 | 2026-02-03 | p. 213-266 | 2262-5321</subfield>
  </datafield>
  <datafield tag="856" ind1="4" ind2="1">
    <subfield code="u">https://shs.cairn.info/revue-vie-sciences-de-lentreprise-2025-3-4-page-213?lang=fr&amp;redirect-ssocas=7080</subfield>
  </datafield>
  <datafield tag="999" ind1=" " ind2=" ">
    <subfield code="c">1742086</subfield>
    <subfield code="d">1742086</subfield>
  </datafield>
</record>
